| 000 | 01048nam a22003617a 4500 | ||
|---|---|---|---|
| 001 | 0051434 | ||
| 003 | KOHA_MİRAKIL | ||
| 005 | 20260207003805.0 | ||
| 007 | ta | ||
| 008 | 150629b2014 tu |||gr||||#||||0|tur | | ||
| 020 | _a9786053200079 | ||
| 040 |
_aTR-BiSEU _btur _cTR-BiSEU _erda |
||
| 041 | 0 | _atur | |
| 044 | _ctu | ||
| 050 |
_aQA641 _b.S23 2014 |
||
| 100 | 1 | _aSabuncuoğlu, Arif. | |
| 245 | 1 |
_aDiferensiyel geometri/ _cArif Sabuncuoğlu ; Arif Sabuncuoğlu. |
|
| 250 | _a5. Basım | ||
| 264 | 1 |
_aAnkara : _bNobel Yayıncılık _c2014 |
|
| 300 |
_aVII, 514 sayfa ; _c24 cm. |
||
| 336 |
_ametin _btxt _2rdacontent |
||
| 337 |
_aaracısız _bn _2rdamedia |
||
| 338 |
_acilt _bnc _2rdacarrier |
||
| 490 | 1 | _aYayın No. | |
| 490 | 1 |
_a ; _v1101 Matematik/İstatistik No. |
|
| 490 | 1 |
_a ; _v061. |
|
| 650 | 0 |
_aEğriler. _995675 |
|
| 650 | 0 |
_aYüzeyler.Geometri.Diferensiyel Geometri. _995676 |
|
| 830 | 1 |
_aYayın No. _91861 |
|
| 830 | 1 |
_a ; _v1101 Matematik/İstatistik No. _91620 |
|
| 830 | 1 |
_a ; _v061. _91620 |
|
| 942 |
_2lcc _cBK |
||
| 999 |
_c51258 _d51258 |
||